Bleak House / (Record no. 3363)

MARC details
000 -LEADER
fixed length control field 01486cam a2200361 i 4500
001 - CONTROL NUMBER
control field 3363
003 - CONTROL NUMBER IDENTIFIER
control field FISKH
005 - DATE AND TIME OF LATEST TRANSACTION
control field 20240229112940.0
008 - FIXED-LENGTH DATA ELEMENTS--GENERAL INFORMATION
fixed length control field 770502s1977 nyuaf b 000 1 eng
010 ## - LIBRARY OF CONGRESS CONTROL NUMBER
LC control number 77007783
020 ## - INTERNATIONAL STANDARD BOOK NUMBER
International Standard Book Number 0393043746
020 ## - INTERNATIONAL STANDARD BOOK NUMBER
International Standard Book Number 0393093328 (pbk.)
020 ## - INTERNATIONAL STANDARD BOOK NUMBER
International Standard Book Number 9781788885263
040 ## - CATALOGING SOURCE
Original cataloging agency DLC
Transcribing agency DLC
Modifying agency DLC
Language of cataloging eng
050 00 - LIBRARY OF CONGRESS CALL NUMBER
Classification number PZ3.D55
Item number Bl73
Classification number PR4556
082 00 - DEWEY DECIMAL CLASSIFICATION NUMBER
Classification number 823/.8
100 1# - MAIN ENTRY--PERSONAL NAME
Personal name Dickens, Charles,
Dates associated with a name 1812-1870.
245 10 - TITLE STATEMENT
Title Bleak House /
Statement of responsibility, etc. Charles Dickens
260 ## - PUBLICATION, DISTRIBUTION, ETC.
Place of publication, distribution, etc. London :
Name of publisher, distributor, etc. Arcturus,
Date of publication, distribution, etc. 2019
300 ## - PHYSICAL DESCRIPTION
Extent 800 pages :
Dimensions 20 cm
504 ## - BIBLIOGRAPHY, ETC. NOTE
Bibliography, etc. note Bibliography: p. 985-986.
520 ## - SUMMARY, ETC.
Summary, etc. A enthralling story about the inequalities of the 19th-century English legal system Bleak House is one of Charles Dicken's most multifaceted novels. Bleak House deals with a multiplicity of characters, plots and subplots that all weave in and around the true story of the famous case of Jarndyce and Jarndyce, a case of litigation in England's Court of Chancery, which starts as a problem of legacy and wills, but soon raises the question of murder.
600 10 - SUBJECT ADDED ENTRY--PERSONAL NAME
Personal name Dickens, Charles,
Dates associated with a name 1812-1870.
Title of a work Bleak House.
650 #0 - SUBJECT ADDED ENTRY--TOPICAL TERM
Topical term or geographic name entry element Illegitimate children
Form subdivision Fiction.
650 #0 - SUBJECT ADDED ENTRY--TOPICAL TERM
Topical term or geographic name entry element Guardian and ward
Form subdivision Fiction.
650 #0 - SUBJECT ADDED ENTRY--TOPICAL TERM
Topical term or geographic name entry element Young women
Form subdivision Fiction.
651 #0 - SUBJECT ADDED ENTRY--GEOGRAPHIC NAME
Geographic name London (England)
Form subdivision Fiction.
655 #7 - INDEX TERM--GENRE/FORM
Genre/form data or focus term Domestic fiction.
Source of term lcsh
655 #7 - INDEX TERM--GENRE/FORM
Genre/form data or focus term Legal stories.
Source of term gsafd
906 ## - LOCAL DATA ELEMENT F, LDF (RLIN)
a 7
b cbc
c orignew
d 1
e ocip
f 19
g y-gencatlg
942 ## - ADDED ENTRY ELEMENTS (KOHA)
Source of classification or shelving scheme Dewey Decimal Classification
Koha item type Books
Suppress in OPAC No
Holdings
Withdrawn status Lost status Source of classification or shelving scheme Damaged status Not for loan Collection Home library Current library Shelving location Date acquired Total Checkouts Full call number Barcode Date last seen Date last checked out Price effective from Koha item type
    Dewey Decimal Classification     Fiction Footprints International School Library Network Toul Kork Campus Footprints International School Library Network Toul Kork Campus   02/29/2024 2 DIC Fic PR4556.A1 FISSE03317 01/09/2025 12/16/2024 02/29/2024 Books